000
00327 a2200157 4500
001
186089
020
_a
0-435-27190-3
040
_c
Magnum
100
_a
Shelley, Mary
240
1
0
_a
Frankenstein
_l
ING
245
1
0
_a
Frankenstein
300
_a
362
0
_a
2000
697
_a
LITERATURA JUVENIL ESTRANGEIRA
942
_c
BK
999
_c
186089
_d
186089